|
|
|
|
| LEADER |
00000naa2a2200000 4500 |
| 001 |
205383 |
| 005 |
20231031190439.0 |
| 035 |
|
|
|a (RuTPU)RU\TPU\book\223850
|
| 035 |
|
|
|a RU\TPU\book\223834
|
| 090 |
|
|
|a 205383
|
| 100 |
|
|
|a 20111209d1959 k y0rusy50 ca
|
| 101 |
0 |
|
|a rus
|
| 102 |
|
|
|a RU
|
| 200 |
1 |
|
|a Выделение фенолов при непрерывной дистилляции торфяного дегтя
|f В. Е. Раковский [и др.]
|
| 320 |
|
|
|a Библиогр.: с. 197 (3 назв.)
|
| 461 |
|
0 |
|0 (RuTPU)RU\TPU\book\223500
|t Труды института торфа
|o сборник
|f Академия наук Белорусской ССР (АН БССР), Институт торфа (ИТ)
|d 1951-
|
| 463 |
|
0 |
|0 (RuTPU)RU\TPU\book\223815
|t Том 7
|f под ред. П. И. Белькевича
|v С. 187-197
|d 1959
|p 305 с.
|
| 701 |
|
1 |
|a Раковский
|b В. Е.
|
| 701 |
|
1 |
|a Котковский
|b А. П.
|
| 701 |
|
1 |
|a Маль
|b С. С.
|
| 701 |
|
1 |
|a Элькинд
|b Л. Б.
|
| 701 |
|
1 |
|a Дрожалина
|b Н. Д.
|
| 701 |
|
1 |
|a Баранчикова
|b М. И.
|
| 701 |
|
1 |
|a Волосович
|b Н. С.
|
| 801 |
|
1 |
|a RU
|b 63413507
|c 20111208
|
| 801 |
|
2 |
|a RU
|b 63413507
|c 20111209
|g RCR
|
| 942 |
|
|
|c BK
|